00910nam a2200241Ia 4500003000900000005001700009008004100026020003100067022002200098022002300120040001600143100002700159245005300186260003100239300001000270490002800280700002300308700002400331856010800355942001200463999001700475952017600492IN-BaIIA20241118144103.0211028s9999 xx s 000 0 eng d a978-2-7598-2022-1 (Online) a1633-4760 (Print) a1638-1963 (Online) cIIA Library aSimon, R., ed. 938267 0aConditions and Impact of Star Formationh[eBook] aFrancebEDP Sciencesc2015 a442p. aEAS Publications Series aSchaaf, R. 938268 aStutzki, J. 938269 uhttps://www.eas-journal.org/articles/eas/abs/2015/03/contents/contents.htmlyClick Here to Access eBook cEB2ddc c20665d20665 00104070aBANbBANd2013-01-01eEDP ScienceshV. 75-76l0pEB125r2021-11-05uhttps://www.eas-journal.org/articles/eas/abs/2015/03/contents/contents.htmlw2021-11-05yEB